| 000 | 00520nam a2200145 a 4500 | ||
|---|---|---|---|
| 001 | 000036525 | ||
| 005 | 20200930075759.0 | ||
| 008 | 120119s1986 cu a 000 0 spa d | ||
| 040 |
_aDO-SdBNP _bspa _cBNPHU |
||
| 082 |
_axxxx _bI17 |
||
| 245 | 0 | 0 |
_aIconografía : _bMáximo Gómez ; / _cinvestigación y recopilación Jorge Gómez de Mello ; presentación Marta Arjona. |
| 260 |
_aLa Habana : _bEditorial de Ciencias Sociales, _c1986. |
||
| 300 |
_a148 p. : _bils., retrs. ; _c24 cm. |
||
| 700 | 1 |
_aGómez de Mello, Jorge _962774 |
|
| 999 |
_c36016 _d36016 |
||